LEADER 02673oam 2200493 450 001 9910153112003321 005 20230130160815.0 010 $a1-292-03824-1 035 $a(MiAaPQ)EBC5174480 035 $a(MiAaPQ)EBC5176486 035 $a(MiAaPQ)EBC5138966 035 $a(MiAaPQ)EBC5833271 035 $a(Au-PeEL)EBL5138966 035 $a(CaONFJC)MIL527298 035 $a(OCoLC)1015858831 035 $a(EXLCZ)992550000001126635 100 $a20210429d2014 uy 0 101 0 $aeng 135 $aurcnu|||||||| 181 $ctxt 182 $cc 183 $acr 200 12$aA first course in database systems /$fJeffrey D. Ullman, Jennifer Widom 205 $aThird edition. 210 1$aHarlow, England :$cPearson Education Limited,$d[2014] 210 4$d©2014 215 $a1 online resource (511 pages) $cillustrations (some color), tables 225 1 $aAlways Learning 300 $aIncludes index. 327 $aCover -- Table of Contents -- 1. The Worlds of Database Systems -- 2. The Relational Model of Data -- 3. Design Theory for Relational Databases -- 4. High-Level Database Models -- 5. Algebraic and Logical Query Languages -- 6. The Database Language SQL -- 7. Constraints and Triggers -- 8. Views and Indexes -- 9. SQL in a Server Environment -- 10. Advanced Topics in Relational Databases -- 11. The Semistructured-Data Model -- Index. 330 $aFor Database Systems and Database Design and Application courses offered at the junior, senior, and graduate levels in Computer Science departments.   Written by well-known computer scientists, this accessible and succinct introduction to database systems focuses on database design and use. The authors provide in-depth coverage of databases from the point of view of the database designer, user, and application programmer, leaving implementation for later courses. It is the first database systems text to cover such topics as UML, algorithms for manipulating dependencies in relations, extended relational algebra, PHP, 3-tier architectures, data cubes, XML, XPATH, XQuery, XSLT.   Supplements:     Access Student and Instructor Resources at www.prenhall.com/ullman   Author Website (Open Access) ¿http://infolab.stanford.edu/~ullman/fcdb.html. 410 0$aAlways learning. 606 $aDatabase management 615 0$aDatabase management. 676 $a005.74 700 $aUllman$b Jeffrey D.$f1942-$09704 702 $aWidom$b Jennifer 801 0$bMiAaPQ 801 1$bMiAaPQ 801 2$bUtOrBLW 906 $aBOOK 912 $a9910153112003321 996 $aA first course in database systems$93644747 997 $aUNINA